APUSH Period 2: Chapter 3 - Statistics

General Stats
  • This quiz has been taken 28 times
  • The average score is 4 of 18
Answer Stats
Hint Terms % Correct
Founded Pennsylvania as a colony William Penn
74%
Political philosopher, who made a lasting effect on America, creating natural rights John Locke
63%
The sea voyage from Africa to Americas of enslaved people Middle Passage
63%
Society of Friends who's religious belief put them in conflict with the Church of England Quakers
63%
Required English colonial goods be shipped through English ports on English ships Navigation Acts
53%
Nearly bloodless coup in which King James II was overthrown Glorious Revolution
26%
The largest slave uprising in the mainland colonies, South Carolina, 1739 Stono Rebellion
26%
Royal province that absorbed colonies and eliminated their legislative assemblies Dominion of New England
16%
Officials grant government jobs and favors to their supporters Patronage
11%
Head of an invading army that overthrew King James II and took over England William of Orange
11%
Governor of the Dominion of New England Edmund Andros
5%
The alliance of the Iroquois with the British Empire and its colonies Covenant Chain
0%
Refined lifestyle of living prized among well-to-do wealthy English families Gentility
0%
Colony created through a grant of land Proprietorship
0%
Weakened the British Empire with high taxes and threatening British liberties Robert Walpole
0%
The British commercial system which produced sugar, rice, tobacco, and tropical products for World Trade South Atlantic System
0%
Natives absorbing other people into their communities Tribalization
0%
Virginian planter-merhcant, who tried to gain access to Britain society, trapped by "inferior colonial status" William Bryd II
0%
No matching quizzes found
Score Distribution
Percent of People with Each Score
Percentile by Number Answered
Your Score History
You have not taken this quiz